Airlines - Largest Aircraft Operators - Statistics

General Stats
  • This quiz has been taken 1,022 times
  • The average score is 11 of 22
Answer Stats
Aircraft Airline % Correct
Airbus A320 family American Airlines
87%
Boeing 777 Emirates
85%
Airbus A330 Delta Air Lines
84%
Boeing 747 (Passenger) Lufthansa
82%
Embraer E-Jet family United Express
78%
Boeing 747-400 British Airways
77%
Boeing 737 family (Europe) Ryanair
73%
Embraer E-Jet family (Europe) KLM Cityhopper
61%
Boeing 737 family Southwest Airlines
61%
Airbus A350 Singapore Airlines
53%
Boeing 747 Japan Airlines
51%
Airbus A320 Easyjet
47%
Boeing 707 * Pan American
46%
Boeing 787 All Nippon Airlines
40%
Boeing 767 FedEx Express
38%
Boeing 737 family (Asia) China Southern Airlines
28%
Airbus A320neo China Eastern Airlines
24%
McDonnell Douglas MD-80 (Europe) * Alitalia
23%
Boeing 747 (Cargo) Atlas Air
18%
Douglas DC-10 * Northwest Airlines
16%
Douglas DC-9 * Eastern Air Lines
9%
McDonnell Douglas MD-11 (Passenger) * Varig
5%
No matching quizzes found
Score Distribution
Percent of People with Each Score
Percentile by Number Answered
Your Score History
You have not taken this quiz